Historia de la Pintura: del Renacimiento a nuestros días

Furkejuvvon:
Bibliográfalaš dieđut
Váldodahkki: Kraube, Anna-Carola (Dahkki)
Materiálatiipa: Girji
Giella:espánnjágiella
Almmustuhtton: Tandem 2005
Fáttát:
Fáddágilkorat: Lasit fáddágilkoriid
Eai fáddágilkorat, Lasit vuosttaš fáddágilkora!

MARC

LEADER 00000cam a2200000 a 4500
001 UCG9576
003 CL-VaPUC
008 120323e20050000GW |||||||||||||||||spa|d
020 |a 3833116498 
082 0 4 |a 759.03  |b KRA  |2 21 
100 |a Kraube, Anna-Carola  |e author  |9 561193 
245 1 0 |a Historia de la Pintura: del Renacimiento a nuestros días 
300 |a 128 p 
942 |c BK 
945 |d 20120323 00:00:00  |a dcastane 
260 |b Tandem  |c 2005 
650 0 |a Historia del arte  |9 314877 
650 0 |a Pintura  |9 265046 
650 0 |a Renacimiento  |9 255107 
650 0 |a Barroco   |9 338027 
650 7 |a ROCOCO  |2 CL-VaPUC  |9 345310 
650 7 |a IMPRESIONISMO  |2 CL-VaPUC  |9 324638 
650 7 |a FAUVISMO  |2 CL-VaPUC  |9 266165 
650 7 |a EXPRESIONISMO  |2 CL-VaPUC  |9 268711 
650 0 |a Surrealismo  |9 265502 
650 0 |a Arte abstracto   |9 265105 
583 |a last modification  |c 20120323 11:52:00  |k Rodrigo Vera 
999 |c 347123  |d 347121